New X-men Gen 2 Quiz Stats

 Plays Quiz not verified by Sporcle

Support Sporcle.
Go Orange.
Score 0/11 Timer 03:00
0 Plays Today
% Correct
Surge
89.3%
Hellion
88.1%
Rockslide
88.1%
Dust
83.3%
Elixir
81%
Mercury
79.8%
Anole
78.6%
Pixie
77.4%
Prodigy
77.4%
x-23
73.8%
Gentle
58.3%

You're not logged in!

Compare scores with friends on all Sporcle quizzes.
OR
Log In

From the Vault

3B Most Games by Team (2000s)

by sultanofswing

Sorry Abbott and Costello, 'I Don't Know' is not an answer here.
Remove Ads.
Support Sporcle.
Get the best of Sporcle when you Go Orange. This ad-free experience offers more features, more stats, and more fun while also helping to support Sporcle. Thank you for becoming a member.

Show Comments

Extras

Created Mar 7, 2011ReportNominate
Tags:gen, Gen 2, X-Men

Top Quizzes Today


Score Distribution

Your Account Isn't Verified!

In order to create a playlist on Sporcle, you need to verify the email address you used during registration. Go to your Sporcle Settings to finish the process.

Report this User

Report this user for behavior that violates our Community Guidelines.

Details: